Statistics for Most Common Last Names in Europe

Click here to take the quiz!

General Stats

  • This quiz has been taken 30 times
  • The average score is 4 of 45

Answer Stats

Country Last Name % Correct
United KingdomSmith
93%
FranceMartin
29%
GermanyMüller
25%
AndorraGarcia
21%
SwedenAndersson
21%
ItalyRossi
18%
IrelandMurphy
11%
BelarusIvanov
11%
NetherlandsDe Jong
11%
PortugalSilva
11%
CroatiaHorvat
11%
SerbiaJovanović
11%
AlbaniaHoxha
7%
LuxembourgSchmit
7%
HungaryNagy
7%
NorwayHansen
7%
FinlandKorhonen
7%
DenmarkJensen
7%
PolandNowak
7%
SloveniaNovak
4%
GreecePapadopoulos
4%
RussiaIvanova
4%
RomaniaPopa
4%
Bosnia & HerzegovinaHodžić
4%
BelgiumPeeters
4%
SlovakiaVarga
0%
San MarinoGasperoni
0%
UkraineMelnik
0%
LiechtensteinBüchel
0%
North MacedoniaStojanovski
0%
MontenegroPopović
0%
MoldovaRusu
0%
MaltaBorg
0%
LithuaniaKazlauskas
0%
LatviaBērziņš
0%
KosovoKrasniqi
0%
IcelandJónsdóttir
0%
EstoniaTamm
0%
Czech RepublicNováková
0%
AustriaGruber
0%
Vatican CityBachmann
0%

Score Distribution

Percentile by Number Answered

Percent of People with Each Score

Your Score History

You have not taken this quiz